Statistics for Guess the red devil 2

Click here to take the quiz!

General Stats

  • This quiz has been taken 10 times
  • The average score is 15 of 16

Answer Stats

Answer% Correct
Divock Origi
100%
Dries Mertens
100%
Eden Hazard
100%
Jan Vertonghen
100%
Jordan Lukaku
100%
Michy Batshuayi
100%
Moussa Dembélé
100%
Simon Mignolet
100%
Timothy Castagne
100%
Toby Alderweireld
100%
Vincent Kompany
100%
Wout Faes
100%
Matz Sels
75%
Orel Mangala
75%
Wesley Sonck
75%
Arthur Theate
50%

Score Distribution

Percentile by Number Answered

Percent of People with Each Score

Your Score History

You have not taken this quiz